000 00568nam a2200157 a 4500
008 120416s1975 ||||||||||||||||| || u
020 _a007025639x
050 _aHG 179 Hal
100 _aHallman, G. Victor
245 1 0 _aPersonal financial planning: how to plan for your financial freedom
260 _aNew York:
_bMcGraw-Hill
_c1975
300 _axiv, 397p.
350 _a0.00
650 _aFINANCE, PERSONAL
995 _D0.00
_FCBU-MAIN LIBRARY (Kitwe)
_H1
_I6.45
_M1
_UAVAILABLE
_ZAnnex Low-Usage Collection
999 _c53378
_d53378